| 000 | 00740nam a2200217Ia 4500 | ||
|---|---|---|---|
| 003 | GCL | ||
| 005 | 20240530102942.0 | ||
| 008 | 140319s9999 xx 000 0 ara d | ||
| 040 |
_aGCL / _cGCL |
||
| 082 | 0 | 4 |
_a418.02 _bم ت |
| 100 | 1 | _aمحمد المنجى الصيادى | |
| 245 | 1 | 0 |
_aالتعريب وتنسيقه فى الوطن العربى / _cمحمد المنجى الصيادى |
| 260 |
_a[S.N] : _bمركز دراسات الوحدة العربية ، _c1982 |
||
| 300 | _a666 ص | ||
| 650 | 0 | 4 | _aالعالم العربى |
| 650 | 0 | 4 | _aالترجمة العربية |
| 650 | 0 | 4 | _aاللغة العربية |
| 650 | 0 | 4 | _aاللهجات |
| 700 | 1 | _aمركز دراسات الوحدة العربية | |
| 942 |
_2ddc _cBK |
||
| 999 |
_c35635 _d35635 |
||